Handbook of large scale systems engineering applications /

Guardado en:
Otros Autores: Singh, Madan G., (Editor , ed.), Titli, André., (Editor , ed.)
Formato: Libro
Idioma:English
Publicado: Amsterdam : New York : North-Holland Pub. Co. ; sole distributors for the U.S.A. and Canada, American Elsevier Pub. Co., 1979.
Materias:
Etiquetas: Agregar Etiqueta
Sin Etiquetas, Sea el primero en etiquetar este registro!
LEADER 00900pam a22002175a 4500
001 EIQ.libpla001751
008 781214s1979####ne#a#####bf###001#0#eng#d
005 20061218194159.0
245 0 0 |a Handbook of large scale systems engineering applications /  |c edited by Madan G. Singh and André Titli. 
260 |a Amsterdam :  |b North-Holland Pub. Co. ;  |a New York :  |b sole distributors for the U.S.A. and Canada, American Elsevier Pub. Co.,  |c 1979. 
300 |a x, 564 p. :  |b il. ;  |c 25 cm. 
504 |a Incluye referencias bibliográficas e índices. 
020 |a 0444852832 
700 1 |a Singh, Madan G.,  |e ed.  |4 edt 
700 1 |a Titli, André.,  |e ed.  |4 edt 
082 0 0 |a 620/.7 
650 4 |a Ingeniería de sistemas  |x Handbooks, manuales. etc. 
650 4 |a Systems engineering  |x Handbooks, manuals. etc. 
010 |a  78027735  
040 |a DLC  |c DLC  |d AR-BbSID 
859 |a AR-BbSID  |b BIB. PLAPIQUI  |h 620.7  |i H 192  |k R  |p 762